<?xml version="1.0" encoding="UTF-8"?>
<record
    xmlns:xsi="http://www.w3.org/2001/XMLSchema-instance"
    xsi:schemaLocation="http://www.loc.gov/MARC21/slim http://www.loc.gov/standards/marcxml/schema/MARC21slim.xsd"
    xmlns="http://www.loc.gov/MARC21/slim">

  <leader>00889nam a22001937a 4500</leader>
  <datafield tag="999" ind1=" " ind2=" ">
    <subfield code="c">62527</subfield>
    <subfield code="d">62527</subfield>
  </datafield>
  <controlfield tag="005">20241128162252.0</controlfield>
  <controlfield tag="008">241128s2022    ru ||||| |||| 00| 0 rus d</controlfield>
  <datafield tag="020" ind1=" " ind2=" ">
    <subfield code="a">9785040961269 X</subfield>
  </datafield>
  <datafield tag="041" ind1=" " ind2=" ">
    <subfield code="a">rus</subfield>
  </datafield>
  <datafield tag="080" ind1=" " ind2=" ">
    <subfield code="a">159.9 &#x411;-42</subfield>
  </datafield>
  <datafield tag="100" ind1=" " ind2=" ">
    <subfield code="a"> &#x411;&#x435;&#x43A;&#x43A;&#x435;&#x440; &#x414;&#x436;&#x43E;&#x448;&#x443;&#x430;</subfield>
    <subfield code="e">&#x410;&#x432;&#x442;&#x43E;&#x440;</subfield>
    <subfield code="9">23826</subfield>
  </datafield>
  <datafield tag="245" ind1=" " ind2=" ">
    <subfield code="a">&#x41C;&#x435;&#x43D;&#x44C;&#x448;&#x435; &#x437;&#x43D;&#x430;&#x447;&#x438;&#x442; &#x431;&#x43E;&#x43B;&#x44C;&#x448;&#x435;:</subfield>
    <subfield code="b">&#x41C;&#x438;&#x43D;&#x438;&#x43C;&#x430;&#x43B;&#x438;&#x437;&#x43C; &#x43A;&#x430;&#x43A; &#x43F;&#x443;&#x442;&#x44C; &#x43A; &#x43E;&#x441;&#x43E;&#x437;&#x43D;&#x430;&#x43D;&#x43D;&#x43E;&#x439; &#x438; &#x441;&#x447;&#x430;&#x441;&#x442;&#x43B;&#x438;&#x432;&#x43E;&#x439; &#x436;&#x438;&#x437;&#x43D;&#x438;   /</subfield>
    <subfield code="c">&#x414;&#x436;&#x43E;&#x448;&#x443;&#x430; &#x411;&#x435;&#x43A;&#x43A;&#x435;&#x440;, &#x43F;&#x435;&#x440;. &#x441; &#x430;&#x43D;&#x433;. &#x410;. &#x410;&#x43D;&#x434;&#x440;&#x435;&#x435;&#x432;&#x430;</subfield>
  </datafield>
  <datafield tag="264" ind1=" " ind2=" ">
    <subfield code="a">&#x41C;&#x43E;&#x441;&#x43A;&#x432;&#x430; : </subfield>
    <subfield code="b">&#x41E;&#x440;&#x434;&#x438;,</subfield>
    <subfield code="c">2022.</subfield>
  </datafield>
  <datafield tag="300" ind1=" " ind2=" ">
    <subfield code="a">310 &#x441;&#x442;&#x440;.:</subfield>
    <subfield code="b">22 cm.</subfield>
  </datafield>
  <datafield tag="653" ind1=" " ind2=" ">
    <subfield code="a">&#x41C;&#x435;&#x43D;&#x44C;&#x448;&#x435; &#x437;&#x43D;&#x430;&#x447;&#x438;&#x442; &#x431;&#x43E;&#x43B;&#x44C;&#x448;&#x435;. &#x41C;&#x438;&#x43D;&#x438;&#x43C;&#x430;&#x43B;&#x438;&#x437;&#x43C; &#x43A;&#x430;&#x43A; &#x43F;&#x443;&#x442;&#x44C; &#x43A; &#x43E;&#x441;&#x43E;&#x437;&#x43D;&#x430;&#x43D;&#x43D;&#x43E;&#x439; &#x438; &#x441;&#x447;&#x430;&#x441;&#x442;&#x43B;&#x438;&#x432;&#x43E;&#x439; &#x436;&#x438;&#x437;&#x43D;&#x438;</subfield>
  </datafield>
  <datafield tag="653" ind1=" " ind2=" ">
    <subfield code="a">&#x10E4;&#x10E1;&#x10D8;&#x10E5;&#x10DD;&#x10DA;&#x10DD;&#x10D2;&#x10D8;&#x10D0;</subfield>
  </datafield>
  <datafield tag="700" ind1=" " ind2=" ">
    <subfield code="a">&#x410;&#x43D;&#x434;&#x440;&#x435;&#x435;&#x432;&#x430;, A</subfield>
    <subfield code="e">&#x10DB;&#x10D7;&#x10D0;&#x10E0;&#x10D2;&#x10DB;&#x10DC;&#x10D4;&#x10DA;&#x10D8;</subfield>
    <subfield code="9">23827</subfield>
  </datafield>
  <datafield tag="942" ind1=" " ind2=" ">
    <subfield code="2">udc</subfield>
    <subfield code="c">BK</subfield>
  </datafield>
  <datafield tag="952" ind1=" " ind2=" ">
    <subfield code="0">0</subfield>
    <subfield code="1">0</subfield>
    <subfield code="2">udc</subfield>
    <subfield code="4">0</subfield>
    <subfield code="6">1599_&#x411;42</subfield>
    <subfield code="7">0</subfield>
    <subfield code="9">101305</subfield>
    <subfield code="a">CPL</subfield>
    <subfield code="b">CPL</subfield>
    <subfield code="c">GEN</subfield>
    <subfield code="d">2024-11-28</subfield>
    <subfield code="g">40.00</subfield>
    <subfield code="o">159.9 &#x411;-42</subfield>
    <subfield code="p">69886</subfield>
    <subfield code="r">2024-11-28</subfield>
    <subfield code="t">69886</subfield>
    <subfield code="w">2024-11-28</subfield>
    <subfield code="y">BK</subfield>
    <subfield code="z">40.00</subfield>
  </datafield>
</record>
